000 01136nam a22003617a 4500
001 000041943
003 CHAP
005 20220329135715.0
008 971013s r 00010 d
010 _a40885
011 _a41857
035 _a45983
040 _cCHAP
090 _aFolleto 3106
110 2 _aENA. Departamento de Promoción y Divulgación Agrícola
_936703
245 1 0 _aInforme de actividades, 19 -.
260 _aChapingo, Méx. :
_bENA,
_c19 -.
300 _av.
500 _aLa biblioteca tiene : 1971-1972
590 _aBATCH-UPD
_b10
_c20130110
_lUCH01
_h1916
590 _aBATCH-UPD
_b10
_c20130410
_lUCH01
_h1243
590 _aBATCH-UPD
_b10
_c20130914
_lUCH01
_h1338
590 _aBATCH-UPD
_b10
_c20140805
_lUCH01
_h1145
590 _aCONVERSION
_b10
_c20130109
_lUCH01
_h1323
590 _aE5995AHE
_b05
_c20150203
_lUCH01
_h1436
650 1 4 _aAgricultura
_xInvestigación.
_91577
650 1 4 _aExtensión agrícola.
_939144
901 _aBK
942 _cFOLL
942 _n0
949 _aFolleto 3106
_bBC
_cFOLL
_d-104889
_eTS2
_fc.2
_i45983
_si
949 _aFolleto 3106
_bBC
_cUACH
_d-104888
_eUACH
_i45983
_si
999 _c40885
_d40885